| 000 | 02804nam a2200349 a 4500 | ||
|---|---|---|---|
| 001 | 000043307 | ||
| 003 | DO-SdBPM | ||
| 005 | 20260123105506.0 | ||
| 007 | ta | ||
| 008 | 140305s2014 dr 001 0 spa d | ||
| 020 | _a9789993446279 | ||
| 040 |
_aDO-SdBPM _bspa _cBPMSU _drda |
||
| 082 | 4 |
_a801.92 _bR789i 2014 _222 |
|
| 100 | 1 |
_aRosario Candelier, Bruno, _d1941- _eautor _4aut. |
|
| 245 | 1 | 3 |
_aLa intuición cuántica de la creación : _bteoría metafísica y simbólica de la obra literaria / _cBruno Rosario Candelier. |
| 264 |
_aSanto Domingo : _bAcademia Dominicana de la Lengua, _c2014. |
||
| 300 |
_a458 páginas ; _c24 cm. |
||
| 336 |
_atexto _btxt _2rdacontent |
||
| 337 |
_asin mediación _bn _2rdamedia |
||
| 338 |
_avolumen _bnc _2rdacarrier |
||
| 490 | 0 | _aPor las amenas liras | |
| 500 | _aIncluye datos biográficos del autor en la solapa de la cubierta. | ||
| 505 | 0 | _aEl conocimiento intuitivo en el arte de la creación. Intuiciones y vivencias en el arte literario. Claves cuánticas y estéticas de la creación, 9.-- Percepción intuitiva y simbólica en la creación literaria, 35.-- Intuición metafísica y simbólica en el arte de la creación, 49.-- Voz personal, subjetiva y universal en la gestación de la obra, 63.-- Formación, intuición y revelación en el arte de creación, 73.-- La formación intelectual y estética, 85.-- Vertiente conceptual y operativa de la obra de creación, 97.-- El arte de la creación poética. La vía intuitiva del conocimiento, 111.-- La poesía como intuición de lo profundo. Conocimiento y vivencia de lo absoluto, 125.-- El conocimiento del mundo en la creación metafísica y cuántica, 147.-- Perspectiva metafísica y cuántica en la creación lírica y simbólica, 163.-- La inspiración literaria a la luz de la realidad cuántica, 173.-- Temas literarios complementarios. El protocolo narrativo en el arte de la novelación, 201.-- El sentido de la crítica literaria, 229.-- Presentación del poemario Navegar en lo seco de Noé Zayas, 241.-- Metafísica de la revelación en la poesía de Pedro José Gris, 265.-- Presentación de Sínsoras, obra poética de José Luis Vega, 281.-- Diálogo sobre la creación literaria, 289.-- Diálogo sobre la metafísica y la creación, 299.-- Cartas y correos del Interiorismo. Cartas y correos del Interiorismo, 323.-- Conclusión. Presentación de la belleza y el sentido, 447.-- Bruno Rosario Candelier, 453. | |
| 590 | _aInventariado, 2026/ VM | ||
| 650 | 7 | _aCreación literaria, artística, etc. | |
| 650 | 7 | _aPoesía dominicana | |
| 650 | 7 |
_aLiteratura dominicana _xHistoria y crítica |
|
| 650 | 7 |
_aAutores dominicanos _xCrítica e interpretación |
|
| 710 | 2 | _aAcademia Dominicana de la Historia | |
| 910 | _aVMateo V. Control de la calidad BPMSU | ||
| 942 |
_2ddc _cBK |
||
| 999 |
_c15621 _d15621 |
||